Catholic University of Zimbabwe Library
Online Public Access Catalogue
(OPAC)

The sword of Judith (Record no. 29220)

MARC details
000 -LEADER
fixed length control field 04777nam a2200433 i 4500
001 - CONTROL NUMBER
control field xb19453310
006 - FIXED-LENGTH DATA ELEMENTS--ADDITIONAL MATERIAL CHARACTERISTICS
fixed length control field m d
007 - PHYSICAL DESCRIPTION FIXED FIELD--GENERAL INFORMATION
fixed length control field cr n
008 - FIXED-LENGTH DATA ELEMENTS--GENERAL INFORMATION
fixed length control field 121120t20102010enkag sb 001 0 eng d
020 ## - INTERNATIONAL STANDARD BOOK NUMBER
International Standard Book Number 9781906924171
Qualifying information (pdf)
020 ## - INTERNATIONAL STANDARD BOOK NUMBER
Canceled/invalid ISBN 9781906924157 (Paperback)
020 ## - INTERNATIONAL STANDARD BOOK NUMBER
Canceled/invalid ISBN 9781906924164 (Hardback)
035 ## - SYSTEM CONTROL NUMBER
System control number (OCoLC)702115347
040 ## - CATALOGING SOURCE
Original cataloging agency StSaUL
Language of cataloging eng
Description conventions rda
100 1# - MAIN ENTRY--PERSONAL NAME
Personal name Brine, Kevin R.,
Relator term author.
245 14 - TITLE STATEMENT
Title The sword of Judith
Medium [electronic resource] :
Remainder of title Judith studies across the disciplines /
Statement of responsibility, etc. Kevin R. Brine, Elena Ciletti and Henrike Lahnemann.
264 #1 - PRODUCTION, PUBLICATION, DISTRIBUTION, MANUFACTURE, AND COPYRIGHT NOTICE
Name of producer, publisher, distributor, manufacturer Open Book Publishers,
300 ## - PHYSICAL DESCRIPTION
Extent 1 online resource (xviii, 511 pages) :
Other physical details illustrations, music.
500 ## - GENERAL NOTE
General note Available through Open Book Publishers.
504 ## - BIBLIOGRAPHY, ETC. NOTE
Bibliography, etc. note Includes bibliographical references (pages 469-494) and indexes.
505 0# - FORMATTED CONTENTS NOTE
Formatted contents note The Judith Project / Kevin R. Brine -- The Jewish textual traditions / Deborah Levine Gera -- Judith in the Christian tradition / Elena Ciletti and Henrike Lähnemann -- Writing Judith -- Jewish textual traditions. Holoferne's canopy in the Septuagint / Barbara Schmitz ; Shorter medieval Hebrew tales of Judith / Deborah Levine Gera ; Food, sex, and redemption in Megillat Yehudit (the "Scroll of Judith") / Susan Weingarten ; Shalom bar Abraham's book of Judith in Yiddish / Ruth von Bernuth and Michael Terry -- Christian textual tradition. Typology and agency in Prudentius's treatment of the Judith story / Marc Mastrangelo ; Judith in late Anglo-Saxon England / Tracey-Anne Cooper ; The prayer of Judith in two late-fifteenth-century French mystery plays / John Nassichuk ; The example of Judith in early modern French literature / Kathleen M. Llewellyn ; The aestheticization of tyrannicide : Du Bartas's La Judit / Robert Cummings ; The cunning of Judith in late medieval German texts / Henrike Lähnemann ; The role of Judith in Margaret Fell's Womens speaking justified / Janet Bartholomew -- Staging Judith -- Visual arts. Judith, Jael, and Humilitas in the Speculum Virginum / Elizabeth Bailey ; Judith between the private and public realms in Renaissance Florence / Roger J. Crum ; Donatello's Judith as the emblem of God's chosen people / Sarah Blake McHam ; Costuming Judith in Italian art of the sixteenth century / Diane Apostolos-Cappadona ; Judith imagery as Catholic orthodoxy in counter-reformation Italy / Elena Ciletti -- Music and drama. Judith, music, and female patrons in early modern Italy / Kelley Harness ; Judith in baroque oratorio / David Marsh ; Judith in the Italian unification process, 1800-1900 / Paolo Bernardini ; Marcello and Peri's Giuditta (1860) / Alexandre Lhâa ; Politics, biblical debates, and French dramatic music on Judith after 1870 / Jann Pasler ; Judith and the "Jew-Eaters" in German Volkstheater / Gabrijela Mecky Zaragoza -- Bibliography -- Abbreviations -- Index.
506 ## - RESTRICTIONS ON ACCESS NOTE
Terms governing access Open access resource providing free access.
520 ## - SUMMARY, ETC.
Summary, etc. "The Book of Judith tells the story of a fictitious Jewish woman beheading Holofernes, the general of a powerful army, to free her people. The story has fascinated artists and authors for centuries, and is becoming a major field of research in its own right. The Sword of Judith is the first multidisciplinary collection of essays to discuss representations of Judith throughout the centuries. Bringing together scholars from around the world, it transforms our understanding of Judith's enduring story across a wide range of disciplines. The book includes sections on Judith in Christian, Jewish and secular textual traditions, as well as representations of Judith in art, music and theatre. The collection includes new archival source studies and the translation of unpublished manuscripts and texts previously unavailable in English.
538 ## - SYSTEM DETAILS NOTE
System details note Mode of access: World Wide Web.
540 ## - TERMS GOVERNING USE AND REPRODUCTION NOTE
Terms governing use and reproduction The Sword of Judith: Judith Studies Across the Disciplines, is licensed under a Creative Commons Attribution-Noncommercial-No Derivative Works 2.0 UK: England & Wales License. For more detailed information consult the publisher's website.
650 #0 - SUBJECT ADDED ENTRY--TOPICAL TERM
Topical term or geographic name entry element Judith (Biblical figure)
General subdivision Art.
650 #0 - SUBJECT ADDED ENTRY--TOPICAL TERM
Topical term or geographic name entry element Judith (Biblical figure)
General subdivision In literature.
650 #0 - SUBJECT ADDED ENTRY--TOPICAL TERM
Topical term or geographic name entry element Judith (Jewish heroine)
General subdivision Art.
650 #0 - SUBJECT ADDED ENTRY--TOPICAL TERM
Topical term or geographic name entry element Judith (Jewish heroine)
General subdivision In literature.
700 1# - ADDED ENTRY--PERSONAL NAME
Personal name Ciletti, Elena,
Dates associated with a name 1948-
Relator term author.
700 1# - ADDED ENTRY--PERSONAL NAME
Personal name Lahnemann, Henrike,
Relator term author.
710 2# - ADDED ENTRY--CORPORATE NAME
Corporate name or jurisdiction name as entry element Open Book Publishers,
Relator term publisher.
856 40 - ELECTRONIC LOCATION AND ACCESS
Uniform Resource Identifier <a href="http://doi.org/10.11647/OBP.0009">http://doi.org/10.11647/OBP.0009</a>
Public note Connect to e-book
856 42 - ELECTRONIC LOCATION AND ACCESS
Uniform Resource Identifier <a href="http://www.openbookpublishers.com/shopimages/products/cover/28 ">http://www.openbookpublishers.com/shopimages/products/cover/28 </a>
Public note Connect to cover image
Holdings
Withdrawn status Lost status Source of classification or shelving scheme Damaged status Not for loan Home library Current library Shelving location Date acquired Total Checkouts Date last seen Uniform Resource Identifier Price effective from Koha item type
          Digital Library Digital Library Online Access 15.02.2021   15.02.2021 http://doi.org/10.11647/OBP.0009 15.02.2021 eBook

OPENING HOURS

Weekdays: 0815hrs - 1800hrs
Weekends:0900hrs - 1200hrs

Closed for Mass:

Mon, Thur: 1200hrs - 1300hrs
Sunday & Public Holiday’s

CALL SUPPORT

0242-570570, 0242-570169
09200664, +263 8644140602

LOCATION

18443, Cranborne Avenue, Hatfield, Harare

Other Links


©2021 | CUZ Library